000 01444nam a22003977a 4500
003 CHAP
005 20220329135916.0
008 971013s1983 r 00010 d
010 _a43972
011 _a44944
035 _a49083
040 _cCHAP
082 _a658.8
_bS4Y
100 0 0 _aSeele, Enno.
_9103582
245 _aMercados semanales en la región de Puebla-Tlaxcala
_c/ México
260 _aMéxico, D. F. :
_bFundación Alemana para la Investigación Científica,
_c1983
300 _a313 p.
490 _aComunicaciones Proyecto Puebla-Tlaxcala. Suplemento
_v; 9,1983
590 _aBATCH-UPD
_b10
_c20130110
_lUCH01
_h1152
590 _aBATCH-UPD
_b10
_c20130410
_lUCH01
_h0736
590 _aBATCH-UPD
_b10
_c20130914
_lUCH01
_h1814
590 _aCONVERSION
_b10
_c20130109
_lUCH01
_h1324
650 1 4 _aMercados.
_974925
650 1 4 _aMercados
_xPuebla.
_974935
650 1 4 _aMercados
_xTlaxcala.
_974936
650 1 4 _aMercados
_zMéxico (Edo.).
_974940
650 1 4 _aProductos agrícolas
_xMercadeo
_xMéxico (Edo.)
_991980
650 1 4 _aProductos agrícolas
_xMercadeo
_xPuebla.
_991987
650 1 4 _aProductos agrícolas
_xMercadeo
_xTlaxcala.
_991992
700 0 _aTyrakowski, Konrad.
_9115745
700 0 _aWolf, Franz.
_9122426
830 0 _aComunicaciones Proyecto Puebla-Tlaxcala. Suplemento
_v; 9,1983
_926172
901 _aBK
942 _cLIBRO
949 _a658.8 S4Y
_bBC
_cLIBRO
_d33724000008017
_eLIBRO
_h89323
_i49083
_mD
_si
999 _c43972
_d43972